Who's that fusion ? Tile Select - Statistics

General Stats
  • This quiz has been taken 12 times
  • The average score is 53 of 60
Answer Stats
Question Tile Select % Correct
Q2 Olivier No
100%
Q2 Bonjour Yes
100%
Q2 Carglass No
100%
Q2 De No
100%
Q2 De No
90%
Q2 Suis No
90%
Q2 De No
90%
Q2 Suis No
90%
Q2 Olivier No
90%
Q2 Olivier No
90%
Q2 De No
90%
Q2 Carglass No
90%
Q2 De No
90%
Q2 Carglass No
90%
Q2 Bonjour Yes
90%
Q2 Suis No
90%
Q1 Je Yes
90%
Q2 Suis No
90%
Q2 Bonjour Yes
90%
Q2 Carglass No
90%
Q2 Carglass No
90%
Q2 Je Yes
90%
Q2 Bonjour Yes
90%
Q1 Carglass No
90%
Q2 Bonjour Yes
90%
Q1 Olivier No
90%
Q2 Bonjour Yes
90%
Q2 Bonjour Yes
90%
Q2 Bonjour Yes
90%
Q1 De No
90%
Q2 De No
90%
Q2 Olivier No
90%
Q2 Olivier No
90%
Q2 Carglass No
90%
Q2 De No
90%
Q2 Carglass No
90%
Q2 Bonjour Yes
90%
Q2 Carglass No
90%
Q2 Carglass No
90%
Q2 De No
90%
Q2 Je Yes
90%
Q2 Olivier No
90%
Q2 Olivier No
90%
Q2 Je Yes
90%
Q2 Suis No
90%
Q2 Je Yes
90%
Q2 Je Yes
90%
Q2 De No
90%
Q2 Je Yes
90%
Q2 Suis No
90%
Q1 Suis No
90%
Q2 Olivier No
90%
Q2 Suis No
90%
Q2 Suis No
90%
Q2 Je Yes
90%
Q2 Olivier No
80%
Q1 Bonjour Yes
80%
Q2 Je Yes
80%
Q2 Je Yes
50%
Q2 Suis No
50%
No matching quizzes found
Score Distribution
Percent of People with Each Score
Percentile by Number Answered
Your Score History
You have not taken this quiz